000 00588nam a2200253Ia 4500
005 20260121155232.0
008 008 260114s9999 xx 000 0 eng d
020 _a9780429342127
037 _aEBOOK
040 _aCRL
040 _beng
040 _cCRL
041 _2eng
041 _aeng
084 _qCRL
100 _a Davide Barile
_91017034
245 0 _aHistoric Power Europe
260 _bTaylor and Francis
260 _c2020
856 _uhttp://www.taylorfrancis.com/books/9780429342127
942 _cEBOOK
999 _c1583853
_d1583853